Энергетическое распределение быстрых электронов за одно- и двухкомпонентными барьерами; Первая межвузовская научно-техническая конференция по радиационным методам и средствам неразрушающего контроля качества материалов и изделий

Бібліографічні деталі
Parent link:Первая межвузовская научно-техническая конференция по радиационным методам и средствам неразрушающего контроля качества материалов и изделий.— 1966.— С. 20
Автор: Антонов В. М.
Мова:Російська
Опубліковано: 1966
Предмети:
Формат: Частина з книги
KOHA link:https://koha.lib.tpu.ru/cgi-bin/koha/opac-detail.pl?biblionumber=592106

MARC

LEADER 00000naa0a2200000 4500
001 592106
005 20250828113751.0
035 |a (RuTPU)RU\TPU\tpu\3425 
035 |a TPU00003425 
090 |a 592106 
100 |a 20011210d1966 k||y0rusy50 ca 
101 0 |a rus 
102 |a RU 
200 1 |a Энергетическое распределение быстрых электронов за одно- и двухкомпонентными барьерами  |f В. М. Антонов 
463 1 |t Первая межвузовская научно-техническая конференция по радиационным методам и средствам неразрушающего контроля качества материалов и изделий  |v С. 20  |o тезисы докладов (25-29 октября 1966 г.)  |d 1966 
610 1 |a материаловедение 
610 1 |a труды учёных ТПУ 
610 1 |a дефектоскопия 
610 1 |a контроль изделий 
700 1 |a Антонов  |b В. М. 
801 0 |a RU  |b 63413507  |c 20011210  |g PSBO 
801 2 |a RU  |b 63413507  |c 20070219  |g PSBO 
942 |c BK